000 00523cam a2200217ua 4500
001 7008
005 20260515114136.0
008 141119n ii |||gr||||Z||||||eng
020 _a8179751694
040 _cMAIN
041 _aeng
082 _a320
100 _aShekhawat, V. S.,
_eAuthor.
245 1 _aAssam-from accord to ulfa
_cBy Vibhuti Singh Shekhawat
250 _a1st.
260 _aNeew Delhi:
_bAnamika,
_c2007.
300 _a224p.
653 _aPolitical science
653 _aAssam politics
942 _cBK
999 _c6144
_d6144